000 01683nam a2200277 u 4500
001 000582547
003 AM-YeHGA
005 20250618073434.0
008 080523s2008 ai |||||r|||||000|0|arm|d
020 _a9789994184934 (Հ. 1)
020 _z978-9939-9009-1-9 (Հ. 2)
040 _aAM-YeHGA
041 0 _aarm
100 1 _aԽաչիկյան, Խաչիկ Մարտինի
_96821
245 1 0 _aԺամանակակից վեներոլոգիա :
_bԴասախոսությունների շարք : (Երկու հատորով) /
_cԽ.Մ. Խաչիկյան ; ՀՀ ԱՆ, Ս.Խ. Ավդալբեկյանի անվան առողջապահության ազգային ինստիտուտ.
246 3 1 _aContemporary Venerology. Classical veneral diseases
246 3 1 _aСовременная венерология. Классические венерические болезни
260 _aԵրևան :
_bՀայրապետ.,
_c2008.
300 _aՀատոր ;
_c23 սմ.
505 1 0 _gՀ. 1 (2008, 272 էջ)
_tԴասական վեներական հիվանդություններ
_gՀ. 2 (2010, 302 էջ)
_tՄակաբուծային, սնկային, մանրէային և վիրուսային սեռավարակներ
650 1 4 _aՎեներոլոգիա (վեներաբանություն)
650 1 4 _aՎեներական հիվանդություններ
_vՊատճառագիտություն
_vԱխտորոշում
_vԹերապիա
710 2 _aՀայաստանի Հանրապետության առողջապահության նախարարություն
710 2 _aԱռողջապահության ազգային ինստիտուտ Ս.Խ. Ավդալբեկյանի անվան
090 _c237074
999 _c235509
_d235509